00579nam a2200181 a 4500001000900000005001700009008004100026020001500067040001300082050002100095245004800116260003200164300002400196500009700220504003100317650002500348710002400373BRCA_60720190320203100.0960814s1995 mx-a---##b---#000-0#spa-# a9682983622 aDLCcDLC 4aN8580b.C74 199510aDe la creación a la copiabsiglos XVI-XX. a[MéxicobCONACULTAc1995] a176 p.bil.c28 cm. aCatálogo de la exposición realizada en el Museo de San Carlos (Ciudad de México), 1995 aBibliografía: p. 175-17614aArtexReproducción2 aMuseo de San Carlos